000 00266nam a2200109Ia 4500
008 190902s9999||||xx |||||||||||||| ||und||
100 _aSenge, Ross
245 4 _aThe Fifth Discipline Fieldbook
260 _aIndia
_bThe McGraw-Hill
_c1994
300 _a593
942 _cBK
999 _c2761
_d2761